Science advances

Contents: The majority of these essays have appeared in the Daily Worker, while the final article was published in Nature. In so far as one theme runs through them, it is the growth of pure and applied science.

Bewaard in:
Bibliografische gegevens
Hoofdauteur: Haldane, J. B. S.
Formaat: Boek
Taal:Undetermined
Gepubliceerd in: London G. Allen & Unwin 1947
Onderwerpen:
Tags: Voeg label toe
Geen labels, Wees de eerste die dit record labelt!
Thư viện lưu trữ: Trung tâm Học liệu Trường Đại học Cần Thơ
LEADER 00700nam a2200193Ia 4500
001 CTU_222124
008 210402s9999 xx 000 0 und d
082 |a 504 
082 |b H158 
100 |a Haldane, J. B. S. 
245 0 |a Science advances 
245 0 |c J. B. S. Haldane 
260 |a London 
260 |b G. Allen & Unwin 
260 |c 1947 
520 |a Contents: The majority of these essays have appeared in the Daily Worker, while the final article was published in Nature. In so far as one theme runs through them, it is the growth of pure and applied science. 
650 |a Science,Khoa học 
904 |i Tô Chánh Trung 
980 |a Trung tâm Học liệu Trường Đại học Cần Thơ